Normal view MARC view
  • Eady, H.G

Entry Personal Name

Number of records used in: 1

001 - CONTROL NUMBER

  • control field: 49410

003 - CONTROL NUMBER IDENTIFIER

  • control field: NUST

005 - DATE AND TIME OF LATEST TRANSACTION

  • control field: 20210314134326.0

008 - FIXED-LENGTH DATA ELEMENTS

  • fixed length control field: 210314|| aca||aabn | a|a d

040 ## - CATALOGING SOURCE

  • Original cataloging agency: NUST
  • Transcribing agency: NUST

100 ## - HEADING--PERSONAL NAME

  • Personal name: Eady, H.G

670 ## - SOURCE DATA FOUND

  • Source citation: Work cat.: (NUST): Eady, H.G, Historicall illustrations to field service regulations, "Operations." 1929, 1930
© 2023 Central Library, National University of Sciences and Technology. All Rights Reserved.